DELTORA QUEST (Record no. 6016)
[ view plain ]
| 000 -LEADER | |
|---|---|
| fixed length control field | 00608nam a22001457a 4500 |
| 020 ## - INTERNATIONAL STANDARD BOOK NUMBER | |
| ISBN | 0-439-25325-X |
| 082 ## - DEWEY DECIMAL CLASSIFICATION NUMBER | |
| Classification number | 823 |
| Item number | STI/G |
| 100 ## - MAIN ENTRY--AUTHOR NAME | |
| Personal name | RODDA |
| 245 ## - TITLE STATEMENT | |
| Title | DELTORA QUEST |
| Remainder of title | CITY OF THE RATS |
| 260 ## - PUBLICATION, DISTRIBUTION, ETC. (IMPRINT) | |
| Place of publication | NEW YORK |
| Name of publisher | SCHOLASTIC INC |
| Year of publication | 2001 |
| 300 ## - PHYSICAL DESCRIPTION | |
| Number of Pages | 132 |
| 520 ## - SUMMARY, ETC. | |
| Summary, etc | Deltora Quest City of Rats is the third of eleven books. This series of books is about three travelers who are trying to collect seven special stones. In this particular book they end up starting to sleep on a field of rats. Then they all three end up captured and held hostage. |
| 650 ## - SUBJECT ADDED ENTRY--TOPICAL TERM | |
| Topical Term | ADVENTURE STORY |
| Geographic subdivision | UNITED STATES |
| 942 ## - ADDED ENTRY ELEMENTS (KOHA) | |
| Koha item type | Books |
| Withdrawn status | Lost status | Collection code | Home library | Current library | Shelving location | Date acquired | Source of acquisition | Full call number | Accession Number | Koha item type |
|---|---|---|---|---|---|---|---|---|---|---|
| Fiction | Main Library | Main Library | SHELF 15 H-HARRY POTTER(CHARACTERISATION),WIMPY KID,DORK DIARIES | 18/06/2012 | purchase | 823 STI/G | 06389 | Books |